[Event "Top 12 Feminin Groupe A"]
[Site "Juvisy sur Orge"]
[Date "2018.05.07"]
[Round "4.4"]
[White "Dubois, Marie"]
[Black "De Talance, Berenice"]
[Result "0-1"]
[WhiteElo "1963"]
[BlackElo "1660"]
[PlyCount "68"]
[EventDate "2018.05.07"]



1. d4 {[%clk 1:30:56]} e6 {[%clk 1:30:50]} 2. Nf3 {[%clk 1:30:51]} f5
{[%clk 1:29:04]} 3. g3 {[%clk 1:30:30]} Nf6 {[%clk 1:27:59]} 4. Bg2
{[%clk 1:30:33]} d6 {[%clk 1:26:24]} 5. O-O {[%clk 1:28:48]} Be7 {[%clk 1:26:42]}
6. Nbd2 {[%clk 1:26:13]} O-O {[%clk 1:26:23]} 7. Re1 {[%clk 1:25:50]} Qe8
{[%clk 1:07:59]} 8. e4 {[%clk 1:22:25]} fxe4 {[%clk 1:07:47]} 9. Nxe4
{[%clk 1:22:41]} Nxe4 {[%clk 1:07:55]} 10. Rxe4 {[%clk 1:23:02]} Bf6
{[%clk 1:07:25]} 11. Qe2 {[%clk 1:17:08]} Qg6 {[%clk 0:42:12]} 12. c3
{[%clk 1:03:31]} Nc6 {[%clk 0:41:49]} 13. Bf4 {[%clk 1:02:28]} Ne7
{[%clk 0:39:55]} 14. Bd2 {[%clk 0:31:04]} Nf5 {[%clk 0:34:07]} 15. Bh3
{[%clk 0:27:51]} Kh8 {[%clk 0:33:23]} 16. Kh1 {[%clk 0:20:48]} b6
{[%clk 0:33:18]} 17. Bg2 {[%clk 0:20:51]} c5 {[%clk 0:32:55]} 18. dxc5
{[%clk 0:18:19]} bxc5 {[%clk 0:33:12]} 19. Nh4 {[%clk 0:09:09]} Bxh4
{[%clk 0:24:52]} 20. Rg4 {[%clk 0:09:14]} Qh5 {[%clk 0:24:09]} 21. Bxa8
{[%clk 0:03:48]} Bxg3 {[%clk 0:22:06]} 22. f3 {[%clk 0:04:06]} Ba6
{[%clk 0:21:15]} 23. Qg2 {[%clk 0:03:57]} Rxa8 {[%clk 0:20:55]} 24. Rxg3
{[%clk 0:02:03]} Nxg3+ {[%clk 0:21:06]} 25. Qxg3 {[%clk 0:02:29]} Rf8
{[%clk 0:19:25]} 26. Re1 {[%clk 0:00:55]} Rf6 {[%clk 0:17:03]} 27. Re3
{[%clk 0:00:39]} Bb7 {[%clk 0:17:16]} 28. Qxd6 {[%clk 0:00:40]} Bxf3+
{[%clk 0:17:10]} 29. Kg1 {[%clk 0:01:03]} Rg6+ {[%clk 0:16:47]} 30. Kf2
{[%clk 0:00:33]} Qh4+ {[%clk 0:10:47]} 31. Kxf3 {[%clk 0:00:45]} Qg4+
{[%clk 0:11:08]} 32. Kf2 {[%clk 0:01:05]} Rf6+ {[%clk 0:11:12]} 33. Ke1
{[%clk 0:01:10]} Qg1+ {[%clk 0:11:22]} 34. Ke2 {[%clk 0:01:33]} Qf1#
{[%clk 0:11:41]} 0-1

[Event "Top 12 Feminin Groupe A"]
[Site "Juvisy sur Orge"]
[Date "2018.05.07"]
[Round "4.5"]
[White "Salimova, Nurgyul"]
[Black "Varga, Klara"]
[Result "1/2-1/2"]
[WhiteElo "2260"]
[BlackElo "2195"]
[PlyCount "129"]
[EventDate "2018.05.07"]



1. d4 {[%clk 1:30:56]} e6 {[%clk 1:30:54]} 2. e4 {[%clk 1:31:05]} d5
{[%clk 1:31:14]} 3. Nc3 {[%clk 1:31:06]} Bb4 {[%clk 1:31:35]} 4. e5
{[%clk 1:30:52]} Ne7 {[%clk 1:31:35]} 5. a3 {[%clk 1:30:37]} Bxc3+
{[%clk 1:31:59]} 6. bxc3 {[%clk 1:31:02]} c5 {[%clk 1:32:20]} 7. Qg4
{[%clk 1:29:23]} Nf5 {[%clk 1:30:53]} 8. Bd3 {[%clk 1:19:31]} h5 {[%clk 1:31:13]}
9. Qf4 {[%clk 1:13:01]} Qh4 {[%clk 1:31:34]} 10. Qxh4 {[%clk 0:55:14]} Nxh4
{[%clk 1:32:01]} 11. g3 {[%clk 0:55:15]} Nf5 {[%clk 1:32:14]} 12. Ne2
{[%clk 0:51:46]} Nc6 {[%clk 1:29:09]} 13. Bb2 {[%clk 0:44:33]} Nfe7
{[%clk 1:20:00]} 14. Nf4 {[%clk 0:35:48]} Bd7 {[%clk 1:17:59]} 15. Be2
{[%clk 0:30:58]} g6 {[%clk 1:17:02]} 16. dxc5 {[%clk 0:22:03]} O-O
{[%clk 1:06:47]} 17. c4 {[%clk 0:20:59]} d4 {[%clk 1:01:57]} 18. c3
{[%clk 0:20:04]} d3 {[%clk 0:49:56]} 19. Nxd3 {[%clk 0:19:41]} Na5
{[%clk 0:50:20]} 20. O-O {[%clk 0:12:05]} Nxc4 {[%clk 0:50:27]} 21. Bc1
{[%clk 0:12:15]} Nd5 {[%clk 0:48:53]} 22. Nb4 {[%clk 0:09:53]} Nxe5
{[%clk 0:44:02]} 23. Nxd5 {[%clk 0:09:44]} exd5 {[%clk 0:44:30]} 24. Rb1
{[%clk 0:08:02]} Bc6 {[%clk 0:43:02]} 25. Re1 {[%clk 0:06:16]} Rfe8
{[%clk 0:37:44]} 26. Be3 {[%clk 0:05:31]} Re7 {[%clk 0:35:18]} 27. Red1
{[%clk 0:03:16]} Rae8 {[%clk 0:34:34]} 28. h4 {[%clk 0:03:06]} a6
{[%clk 0:30:29]} 29. Bg5 {[%clk 0:02:29]} Re6 {[%clk 0:30:45]} 30. Be3
{[%clk 0:02:02]} f6 {[%clk 0:30:21]} 31. Bd4 {[%clk 0:01:21]} Nc4
{[%clk 0:22:06]} 32. Bxc4 {[%clk 0:01:16]} dxc4 {[%clk 0:22:34]} 33. Kf1
{[%clk 0:00:40]} Kf7 {[%clk 0:21:48]} 34. a4 {[%clk 0:00:39]} g5 {[%clk 0:21:29]}
35. hxg5 {[%clk 0:00:58]} fxg5 {[%clk 0:21:57]} 36. Kg1 {[%clk 0:00:35]} Kg6
{[%clk 0:20:57]} 37. a5 {[%clk 0:00:46]} Kf5 {[%clk 0:20:43]} 38. Kh2
{[%clk 0:00:48]} Kg4 {[%clk 0:19:04]} 39. Be3 {[%clk 0:00:42]} Rxe3
{[%clk 0:11:43]} 40. fxe3 {[%clk 0:01:11]} Rxe3 {[%clk 0:12:02]} 41. Rd4+
{[%clk 0:01:29]} Be4 {[%clk 0:12:15]} 42. Rb2 {[%clk 0:01:03]} Kf3
{[%clk 0:10:33]} 43. Rxc4 {[%clk 0:01:10]} g4 {[%clk 0:06:50]} 44. Rg2
{[%clk 0:00:36]} Re1 {[%clk 0:06:24]} 45. Rd4 {[%clk 0:00:35]} Ke3
{[%clk 0:05:15]} 46. Rxe4+ {[%clk 0:00:39]} Kxe4 {[%clk 0:05:43]} 47. Rf2
{[%clk 0:00:48]} Rc1 {[%clk 0:04:56]} 48. Rf4+ {[%clk 0:00:45]} Ke3
{[%clk 0:03:27]} 49. c4 {[%clk 0:00:46]} Rc2+ {[%clk 0:02:53]} 50. Kg1
{[%clk 0:01:08]} Ra2 {[%clk 0:02:37]} 51. c6 {[%clk 0:00:36]} bxc6
{[%clk 0:02:54]} 52. Rf5 {[%clk 0:00:46]} Ra4 {[%clk 0:02:36]} 53. Kg2
{[%clk 0:00:40]} Rxc4 {[%clk 0:02:00]} 54. Re5+ {[%clk 0:01:03]} Kd4
{[%clk 0:02:10]} 55. Rxh5 {[%clk 0:01:30]} Rc5 {[%clk 0:02:22]} 56. Rh4
{[%clk 0:01:29]} Rg5 {[%clk 0:02:27]} 57. Kf2 {[%clk 0:00:54]} Kc5
{[%clk 0:01:45]} 58. Ke3 {[%clk 0:01:15]} Kd6 {[%clk 0:00:35]} 59. Kf4
{[%clk 0:01:31]} Rxa5 {[%clk 0:00:58]} 60. Rh6+ {[%clk 0:01:54]} Kd7
{[%clk 0:00:52]} 61. Rh7+ {[%clk 0:02:03]} Kd6 {[%clk 0:01:07]} 62. Rh6+
{[%clk 0:02:25]} Kd7 {[%clk 0:00:35]} 63. Rh7+ {[%clk 0:02:51]} Kd6
{[%clk 0:00:37]} 64. Rh6+ {[%clk 0:03:13]} Kc7 65. Kxg4 1/2-1/2

[Event "Top 12 Feminin Groupe A"]
[Site "Juvisy sur Orge"]
[Date "2018.05.07"]
[Round "4.7"]
[White "Khelif, Jihane"]
[Black "Abbassi, Zeyneb"]
[Result "0-1"]
[WhiteElo "1698"]
[BlackElo "1766"]
[PlyCount "55"]
[EventDate "2018.05.07"]

1. e4 {[%clk 1:30:59]} d5 {[%clk 1:30:56]} 2. exd5 {[%clk 1:31:05]} Nf6
{[%clk 1:31:21]} 3. d4 {[%clk 1:30:13]} Bg4 {[%clk 1:31:47]} 4. Be2
{[%clk 1:29:31]} Bxe2 {[%clk 1:32:11]} 5. Nxe2 {[%clk 1:29:04]} Qxd5
{[%clk 1:32:36]} 6. O-O {[%clk 1:28:54]} Nc6 {[%clk 1:32:39]} 7. Nbc3
{[%clk 1:27:42]} Qh5 {[%clk 1:32:10]} 8. Nf4 {[%clk 1:04:27]} Qf5
{[%clk 1:27:04]} 9. Be3 {[%clk 0:29:55]} O-O-O {[%clk 1:26:02]} 10. Nce2
{[%clk 0:16:50]} e5 {[%clk 1:10:01]} 11. Ng3 {[%clk 0:17:10]} Qg4
{[%clk 1:06:24]} 12. f3 {[%clk 0:15:34]} Qd7 {[%clk 0:56:27]} 13. dxe5
{[%clk 0:15:35]} Nxe5 {[%clk 0:56:31]} 14. Bxa7 {[%clk 0:10:16]} Qa4
{[%clk 0:54:13]} 15. Qe2 {[%clk 0:04:21]} Qxa7+ {[%clk 0:54:12]} 16. Kh1
{[%clk 0:04:47]} Qd4 {[%clk 0:49:20]} 17. Ne4 {[%clk 0:03:38]} Nxe4
{[%clk 0:48:49]} 18. fxe4 {[%clk 0:03:53]} Bc5 {[%clk 0:45:36]} 19. c3
{[%clk 0:03:45]} Qd6 {[%clk 0:39:15]} 20. b4 {[%clk 0:03:57]} Ba7
{[%clk 0:38:50]} 21. a4 {[%clk 0:03:49]} Ng6 {[%clk 0:34:45]} 22. Nd5
{[%clk 0:02:42]} c6 {[%clk 0:34:53]} 23. Ne3 {[%clk 0:02:12]} Bb8
{[%clk 0:33:46]} 24. g3 {[%clk 0:02:06]} Qe5 {[%clk 0:28:48]} 25. Rxf7
{[%clk 0:02:01]} Qxe4+ {[%clk 0:27:51]} 26. Kg1 {[%clk 0:02:07]} Ba7
{[%clk 0:27:03]} 27. Rf3 {[%clk 0:01:06]} Rhe8 {[%clk 0:26:59]} 28. Kf1 0-1

[Event "Top 12 Feminin Groupe A"]
[Site "Juvisy sur Orge"]
[Date "2018.05.07"]
[Round "4.8"]
[White "Tsulaia, Salome"]
[Black "Marchand, Laure"]
[Result "1/2-1/2"]
[WhiteElo "1430"]
[BlackElo "1344"]
[PlyCount "76"]
[EventDate "2018.05.07"]



1. e4 {[%clk 1:30:57]} e5 {[%clk 1:30:53]} 2. Nf3 {[%clk 1:31:20]} Nc6
{[%clk 1:31:09]} 3. Bc4 {[%clk 1:31:42]} Nf6 {[%clk 1:31:31]} 4. d3
{[%clk 1:31:45]} Bc5 {[%clk 1:31:01]} 5. c3 {[%clk 1:31:51]} a6 {[%clk 1:30:13]}
6. Bb3 {[%clk 1:31:50]} Ba7 {[%clk 1:27:58]} 7. O-O {[%clk 1:31:45]} d6
{[%clk 1:24:29]} 8. Nbd2 {[%clk 1:28:00]} Bg4 {[%clk 1:23:05]} 9. h3
{[%clk 1:28:20]} Bh5 {[%clk 1:22:54]} 10. Re1 {[%clk 1:28:11]} Qd7
{[%clk 1:21:57]} 11. Nf1 {[%clk 1:26:22]} h6 {[%clk 1:18:18]} 12. Ng3
{[%clk 1:25:34]} Bg6 {[%clk 1:18:04]} 13. Nh4 {[%clk 1:21:24]} Bh7
{[%clk 1:16:27]} 14. Nhf5 {[%clk 1:21:17]} Rg8 {[%clk 1:14:15]} 15. Be3
{[%clk 1:08:24]} Bxe3 {[%clk 1:10:58]} 16. Rxe3 {[%clk 1:08:35]} Ne7
{[%clk 1:06:57]} 17. Nxe7 {[%clk 1:01:23]} Qxe7 {[%clk 1:06:34]} 18. d4
{[%clk 0:57:15]} O-O-O {[%clk 1:05:46]} 19. Qe1 {[%clk 0:52:52]} g5
{[%clk 0:58:38]} 20. Nf5 {[%clk 0:44:33]} Bxf5 {[%clk 0:57:45]} 21. exf5
{[%clk 0:45:02]} e4 {[%clk 0:57:11]} 22. c4 {[%clk 0:33:44]} g4 {[%clk 0:42:04]}
23. Qc3 {[%clk 0:33:18]} Nh5 {[%clk 0:36:11]} 24. Bd1 {[%clk 0:28:57]} Nf6
{[%clk 0:32:11]} 25. Bb3 {[%clk 0:27:41]} Rg5 {[%clk 0:29:22]} 26. Rae1
{[%clk 0:24:27]} Rxf5 {[%clk 0:26:39]} 27. d5 {[%clk 0:23:28]} Rg8
{[%clk 0:22:03]} 28. Bd1 {[%clk 0:21:47]} h5 {[%clk 0:19:43]} 29. h4
{[%clk 0:18:05]} Qf8 {[%clk 0:17:10]} 30. g3 {[%clk 0:17:50]} Re5
{[%clk 0:16:11]} 31. Bc2 {[%clk 0:17:30]} Qe7 {[%clk 0:16:34]} 32. Bb1
{[%clk 0:15:34]} Re8 {[%clk 0:16:29]} 33. Bc2 {[%clk 0:15:52]} Kb8
{[%clk 0:15:34]} 34. Ba4 {[%clk 0:13:37]} Rg8 {[%clk 0:15:07]} 35. Bc2
{[%clk 0:14:06]} Re8 {[%clk 0:15:19]} 36. Ba4 {[%clk 0:14:36]} Rg8
{[%clk 0:15:26]} 37. Bc2 {[%clk 0:14:54]} Re8 {[%clk 0:15:39]} 38. Ba4
{[%clk 0:15:21]} Rg8 {[%clk 0:15:57]} 1/2-1/2

[Event "Top 12 Feminin Groupe A"]
[Site "Juvisy sur Orge"]
[Date "2018.05.08"]
[Round "5.1"]
[White "Matnadze, Ana"]
[Black "Salimova, Nurgyul"]
[Result "1-0"]
[WhiteElo "2388"]
[BlackElo "2260"]
[PlyCount "81"]
[EventDate "2018.05.08"]



1. d4 {[%clk 1:30:57]} Nf6 {[%clk 1:30:50]} 2. Nf3 {[%clk 1:31:21]} e6
{[%clk 1:31:07]} 3. c4 {[%clk 1:31:45]} b6 {[%clk 1:29:09]} 4. g3
{[%clk 1:32:10]} Bb7 {[%clk 1:29:32]} 5. Bg2 {[%clk 1:32:34]} Bb4+
{[%clk 1:29:26]} 6. Bd2 {[%clk 1:32:57]} a5 {[%clk 1:28:48]} 7. O-O
{[%clk 1:33:10]} O-O {[%clk 1:28:31]} 8. Bf4 {[%clk 1:32:57]} Be7
{[%clk 1:21:45]} 9. d5 {[%clk 1:28:12]} d6 {[%clk 1:03:44]} 10. Nc3
{[%clk 1:23:13]} e5 {[%clk 1:01:43]} 11. Bd2 {[%clk 1:23:24]} Nbd7
{[%clk 0:57:23]} 12. Qc2 {[%clk 1:23:20]} Ne8 {[%clk 0:50:35]} 13. e4
{[%clk 1:22:03]} Ba6 {[%clk 0:47:57]} 14. b3 {[%clk 1:21:45]} g6 {[%clk 0:45:54]}
15. Bh6 {[%clk 1:19:22]} Ng7 {[%clk 0:46:13]} 16. Qd2 {[%clk 1:15:48]} a4
{[%clk 0:38:47]} 17. Rfc1 {[%clk 1:07:09]} axb3 {[%clk 0:37:11]} 18. axb3
{[%clk 1:07:37]} Nf6 {[%clk 0:32:52]} 19. h3 {[%clk 1:07:11]} Kh8
{[%clk 0:30:06]} 20. Ne1 {[%clk 1:07:05]} Ng8 {[%clk 0:28:28]} 21. Be3
{[%clk 1:07:20]} f5 {[%clk 0:27:17]} 22. Nd3 {[%clk 1:07:27]} fxe4
{[%clk 0:20:44]} 23. Nb4 {[%clk 1:06:44]} Bb7 {[%clk 0:20:52]} 24. g4
{[%clk 1:06:31]} Nf6 {[%clk 0:19:07]} 25. Nxe4 {[%clk 1:05:16]} Nxe4
{[%clk 0:19:01]} 26. Bxe4 {[%clk 1:05:44]} Ne8 {[%clk 0:13:22]} 27. Bg2
{[%clk 1:05:55]} Nf6 {[%clk 0:12:04]} 28. Nc6 {[%clk 1:05:04]} Qd7
{[%clk 0:06:31]} 29. Qb2 {[%clk 1:00:31]} Kg8 {[%clk 0:04:38]} 30. Bh6
{[%clk 0:59:45]} Rfe8 {[%clk 0:03:35]} 31. f4 {[%clk 0:57:35]} exf4
{[%clk 0:02:45]} 32. Rxa8 {[%clk 0:56:36]} Bxa8 {[%clk 0:03:00]} 33. Bxf4
{[%clk 0:44:19]} Rf8 {[%clk 0:01:30]} 34. Re1 {[%clk 0:42:45]} Bd8
{[%clk 0:01:03]} 35. Nxd8 {[%clk 0:42:07]} Qxd8 {[%clk 0:01:24]} 36. Bg5
{[%clk 0:41:21]} Kg7 {[%clk 0:01:10]} 37. Qd2 {[%clk 0:34:04]} Rf7
{[%clk 0:00:59]} 38. Re6 {[%clk 0:32:14]} Bb7 {[%clk 0:00:59]} 39. Qe3
{[%clk 0:30:40]} Qa8 {[%clk 0:00:46]} 40. Bxf6+ {[%clk 0:30:00]} Rxf6
{[%clk 0:01:10]} 41. Qc3 {[%clk 0:28:41]} 1-0

[Event "Top 12 Feminin Groupe A"]
[Site "Juvisy sur Orge"]
[Date "2018.05.08"]
[Round "5.2"]
[White "Collas, Silvia"]
[Black "Safranska, Anda"]
[Result "0-1"]
[WhiteElo "2269"]
[BlackElo "2200"]
[PlyCount "115"]
[EventDate "2018.05.08"]

1. d4 {[%clk 1:30:55]} d6 {[%clk 1:30:54]} 2. e4 {[%clk 1:30:44]} g6
{[%clk 1:31:19]} 3. Nc3 {[%clk 1:28:00]} Bg7 {[%clk 1:31:23]} 4. Bg5
{[%clk 1:27:55]} Nc6 {[%clk 1:31:09]} 5. Nge2 {[%clk 1:27:37]} Nf6
{[%clk 1:30:02]} 6. f3 {[%clk 1:21:43]} a6 {[%clk 1:29:50]} 7. Qd2
{[%clk 1:20:52]} h6 {[%clk 1:26:18]} 8. Be3 {[%clk 1:21:12]} Nd7 {[%clk 1:24:12]}
9. h4 {[%clk 1:18:06]} b5 {[%clk 1:22:23]} 10. h5 {[%clk 1:16:47]} g5
{[%clk 1:22:44]} 11. d5 {[%clk 1:13:27]} Na5 {[%clk 1:12:42]} 12. Nd4
{[%clk 1:13:07]} Ne5 {[%clk 1:09:59]} 13. b3 {[%clk 1:10:45]} c5 {[%clk 1:09:32]}
14. dxc6 {[%clk 1:11:06]} Naxc6 {[%clk 1:09:41]} 15. Rd1 {[%clk 1:05:39]} Nxd4
{[%clk 1:07:48]} 16. Bxd4 {[%clk 1:05:55]} O-O {[%clk 0:57:14]} 17. a4
{[%clk 1:05:50]} bxa4 {[%clk 0:52:15]} 18. Nxa4 {[%clk 1:06:13]} Rb8
{[%clk 0:52:36]} 19. Be2 {[%clk 1:02:58]} f5 {[%clk 0:50:48]} 20. exf5
{[%clk 0:58:16]} Rxf5 {[%clk 0:50:29]} 21. O-O {[%clk 0:58:17]} Qe8
{[%clk 0:47:34]} 22. f4 {[%clk 0:57:14]} gxf4 {[%clk 0:41:48]} 23. Rxf4
{[%clk 0:55:30]} Rg5 {[%clk 0:41:25]} 24. Ba7 {[%clk 0:47:28]} Bb7
{[%clk 0:39:22]} 25. Bxb8 {[%clk 0:44:41]} Rxg2+ {[%clk 0:39:46]} 26. Kf1
{[%clk 0:45:07]} Qxb8 {[%clk 0:40:08]} 27. Qe3 {[%clk 0:43:17]} Qc8
{[%clk 0:38:41]} 28. c4 {[%clk 0:41:26]} Rh2 {[%clk 0:35:46]} 29. Nb6
{[%clk 0:37:44]} Qc6 {[%clk 0:27:49]} 30. Nd5 {[%clk 0:37:45]} Kh8
{[%clk 0:28:14]} 31. Kg1 {[%clk 0:25:41]} Rxe2 {[%clk 0:28:27]} 32. Qxe2
{[%clk 0:26:08]} e6 {[%clk 0:28:51]} 33. Kh2 {[%clk 0:20:36]} exd5
{[%clk 0:29:04]} 34. cxd5 {[%clk 0:21:01]} Qe8 {[%clk 0:24:13]} 35. Rd2
{[%clk 0:14:02]} Bc8 {[%clk 0:24:14]} 36. Rc2 {[%clk 0:11:41]} Bd7
{[%clk 0:23:53]} 37. Kg1 {[%clk 0:10:29]} Bb5 {[%clk 0:24:00]} 38. Qg2
{[%clk 0:09:59]} Qxh5 {[%clk 0:20:44]} 39. Rc7 {[%clk 0:09:44]} Bd7
{[%clk 0:20:40]} 40. Qe4 {[%clk 0:08:23]} Qg5+ {[%clk 0:17:28]} 41. Kh2
{[%clk 0:07:00]} Ng4+ {[%clk 0:15:00]} 42. Kh1 {[%clk 0:04:49]} Qh4+
{[%clk 0:14:45]} 43. Kg2 {[%clk 0:05:13]} Qh2+ {[%clk 0:11:21]} 44. Kf1
{[%clk 0:05:38]} Qh3+ {[%clk 0:07:23]} 45. Ke1 {[%clk 0:04:12]} Ne5
{[%clk 0:06:22]} 46. Kd2 {[%clk 0:03:08]} h5 {[%clk 0:04:44]} 47. Kc2
{[%clk 0:02:38]} Qh2+ {[%clk 0:03:25]} 48. Kb1 {[%clk 0:02:11]} Ng6
{[%clk 0:03:34]} 49. Kc1 {[%clk 0:00:59]} Qxf4+ {[%clk 0:02:09]} 50. Qxf4
{[%clk 0:01:24]} Nxf4 {[%clk 0:02:36]} 51. Rxd7 {[%clk 0:01:49]} Be5
{[%clk 0:03:01]} 52. Ra7 {[%clk 0:01:32]} h4 {[%clk 0:02:33]} 53. Rxa6
{[%clk 0:01:57]} h3 {[%clk 0:02:57]} 54. Ra2 {[%clk 0:02:25]} Nxd5
{[%clk 0:03:21]} 55. Rf2 {[%clk 0:02:01]} h2 {[%clk 0:03:09]} 56. Rf1
{[%clk 0:02:22]} Nf4 {[%clk 0:03:11]} 57. Kd2 {[%clk 0:02:36]} Nh3
{[%clk 0:03:21]} 58. Kd1 0-1

[Event "Top 12 Feminin Groupe A"]
[Site "Juvisy sur Orge"]
[Date "2018.05.08"]
[Round "5.4"]
[White "Marchand, Laure"]
[Black "Dubois, Marie"]
[Result "0-1"]
[WhiteElo "1344"]
[BlackElo "1963"]
[PlyCount "156"]
[EventDate "2018.05.08"]

1. e4 {[%clk 1:30:57]} c5 {[%clk 1:30:55]} 2. Nf3 {[%clk 1:31:21]} d6
{[%clk 1:31:19]} 3. d4 {[%clk 1:31:37]} cxd4 {[%clk 1:31:43]} 4. Nxd4
{[%clk 1:32:00]} Nf6 {[%clk 1:32:08]} 5. Nc3 {[%clk 1:31:37]} a6 {[%clk 1:32:29]}
6. h3 {[%clk 1:27:39]} e6 {[%clk 1:30:15]} 7. Bd3 {[%clk 1:20:53]} Be7
{[%clk 1:28:28]} 8. Be3 {[%clk 1:18:16]} Nbd7 {[%clk 1:27:56]} 9. Qd2
{[%clk 1:14:45]} Qc7 {[%clk 1:22:20]} 10. f4 {[%clk 1:10:02]} b5 {[%clk 1:14:18]}
11. O-O-O {[%clk 1:03:22]} Bb7 {[%clk 1:10:06]} 12. Rhe1 {[%clk 0:56:41]} b4
{[%clk 1:05:13]} 13. Nb1 {[%clk 0:56:40]} Bxe4 {[%clk 1:03:02]} 14. g4
{[%clk 0:51:57]} Bxd3 {[%clk 0:59:30]} 15. Qxd3 {[%clk 0:52:06]} Nc5
{[%clk 0:58:41]} 16. Qe2 {[%clk 0:51:29]} Nd5 {[%clk 0:43:48]} 17. Nd2
{[%clk 0:47:38]} Qa5 {[%clk 0:40:23]} 18. Kb1 {[%clk 0:46:25]} Na4
{[%clk 0:33:29]} 19. Qc4 {[%clk 0:38:54]} Qc7 {[%clk 0:17:42]} 20. Qxc7
{[%clk 0:36:31]} Nxc7 {[%clk 0:18:07]} 21. Nc6 {[%clk 0:34:59]} Bf6
{[%clk 0:17:26]} 22. Nc4 {[%clk 0:31:21]} Nb5 {[%clk 0:12:55]} 23. Nxd6+
{[%clk 0:27:08]} Nxd6 {[%clk 0:13:17]} 24. Rxd6 {[%clk 0:27:31]} Nxb2
{[%clk 0:10:41]} 25. Bd4 {[%clk 0:26:24]} Nc4 {[%clk 0:09:20]} 26. Bxf6
{[%clk 0:23:16]} Nxd6 {[%clk 0:09:44]} 27. Bxg7 {[%clk 0:23:14]} Rg8
{[%clk 0:10:09]} 28. Bf6 {[%clk 0:23:20]} Rg6 {[%clk 0:06:09]} 29. g5
{[%clk 0:21:46]} Nf5 {[%clk 0:06:30]} 30. Ne5 {[%clk 0:20:36]} Rg8
{[%clk 0:06:50]} 31. Rd1 {[%clk 0:20:36]} Ne3 {[%clk 0:05:57]} 32. Rd7
{[%clk 0:20:30]} Nd5 {[%clk 0:04:24]} 33. Rxf7 {[%clk 0:19:18]} Rf8
{[%clk 0:02:49]} 34. Rxh7 {[%clk 0:18:16]} Nxf6 {[%clk 0:03:14]} 35. gxf6
{[%clk 0:18:25]} Rxf6 {[%clk 0:03:00]} 36. Nd3 {[%clk 0:17:28]} Rf7
{[%clk 0:01:49]} 37. Rh8+ {[%clk 0:17:26]} Rf8 {[%clk 0:02:08]} 38. Rh7
{[%clk 0:16:57]} Rc8 {[%clk 0:01:22]} 39. Kb2 {[%clk 0:14:36]} a5
{[%clk 0:01:18]} 40. h4 {[%clk 0:13:06]} Rd8 {[%clk 0:01:04]} 41. Rg7
{[%clk 0:11:27]} Rd5 {[%clk 0:01:01]} 42. Kb3 {[%clk 0:10:41]} Rh8
{[%clk 0:00:50]} 43. Rg4 {[%clk 0:10:29]} Ke7 {[%clk 0:00:53]} 44. Ne5
{[%clk 0:10:33]} Kf6 {[%clk 0:00:45]} 45. Nc4 {[%clk 0:08:37]} Rc8
{[%clk 0:00:42]} 46. Rg3 {[%clk 0:07:38]} Rdc5 {[%clk 0:00:42]} 47. Ne3
{[%clk 0:07:20]} Rc3+ {[%clk 0:00:54]} 48. Kb2 {[%clk 0:07:43]} a4
{[%clk 0:00:50]} 49. h5 {[%clk 0:06:39]} Kf7 {[%clk 0:00:49]} 50. h6
{[%clk 0:06:22]} Rh8 {[%clk 0:01:02]} 51. Rg7+ {[%clk 0:06:20]} Kf8
{[%clk 0:01:02]} 52. Nd1 a3+ {[%clk 0:01:22]} 53. Kc1 {[%clk 0:05:36]} Rf3
{[%clk 0:01:16]} 54. Rg6 {[%clk 0:05:37]} Kf7 {[%clk 0:01:25]} 55. Rg4
{[%clk 0:05:22]} Rxh6 {[%clk 0:01:43]} 56. f5 {[%clk 0:04:36]} Rf1
{[%clk 0:01:03]} 57. fxe6+ {[%clk 0:04:15]} Rxe6 {[%clk 0:01:27]} 58. Rd4
{[%clk 0:04:36]} Ree1 {[%clk 0:01:14]} 59. Rd2 {[%clk 0:03:58]} Ke6
{[%clk 0:01:24]} 60. Rd8 {[%clk 0:04:11]} Kf5 {[%clk 0:00:55]} 61. Rf8+
{[%clk 0:04:13]} Ke4 {[%clk 0:01:18]} 62. Rd8 {[%clk 0:04:33]} Rh1
{[%clk 0:01:05]} 63. Rd3 {[%clk 0:04:22]} Reg1 {[%clk 0:00:59]} 64. Rd2
{[%clk 0:04:28]} Rh3 {[%clk 0:00:43]} 65. Rd7 {[%clk 0:03:54]} Rh5
{[%clk 0:00:41]} 66. Rd2 {[%clk 0:03:09]} Rc5 {[%clk 0:00:47]} 67. Re2+
{[%clk 0:03:06]} Kd4 {[%clk 0:00:56]} 68. Kd2 {[%clk 0:03:19]} Rg3
{[%clk 0:00:51]} 69. Ne3 {[%clk 0:03:16]} Rc3 {[%clk 0:00:43]} 70. Nf5+
{[%clk 0:03:29]} Kc5 {[%clk 0:00:45]} 71. Nxg3 {[%clk 0:03:22]} Rxg3
{[%clk 0:01:10]} 72. Re4 {[%clk 0:02:56]} Rg1 {[%clk 0:01:00]} 73. Re1
{[%clk 0:02:31]} Rg4 {[%clk 0:01:24]} 74. Re3 {[%clk 0:02:41]} Kc4
{[%clk 0:01:31]} 75. Re1 {[%clk 0:02:02]} Rg2+ {[%clk 0:00:42]} 76. Kc1
{[%clk 0:02:07]} Kb5 {[%clk 0:00:43]} 77. Kb1 {[%clk 0:01:52]} Kc4
{[%clk 0:00:57]} 78. Kc1 {[%clk 0:01:47]} Kd4 {[%clk 0:01:09]} 0-1

[Event "Top 12 Feminin Groupe A"]
[Site "Juvisy sur Orge"]
[Date "2018.05.08"]
[Round "5.5"]
[White "Cornette, Deimante"]
[Black "Savina, Anastasia"]
[Result "1-0"]
[WhiteElo "2461"]
[BlackElo "2349"]
[PlyCount "57"]
[EventDate "2018.05.08"]

1. e4 {[%clk 1:30:57]} e5 {[%clk 1:26:24]} 2. Nf3 {[%clk 1:31:18]} Nc6
{[%clk 1:26:03]} 3. Bc4 {[%clk 1:31:39]} Bc5 {[%clk 1:25:58]} 4. O-O
{[%clk 1:31:48]} Nf6 {[%clk 1:26:01]} 5. d3 {[%clk 1:32:03]} O-O {[%clk 1:25:53]}
6. a4 {[%clk 1:32:07]} a6 {[%clk 1:21:49]} 7. c3 {[%clk 1:31:22]} d5
{[%clk 1:19:54]} 8. exd5 {[%clk 1:31:08]} Nxd5 {[%clk 1:17:36]} 9. Nbd2
{[%clk 1:31:15]} Nb6 {[%clk 1:13:35]} 10. Ba2 {[%clk 1:30:56]} Bf5
{[%clk 1:10:25]} 11. b4 {[%clk 1:13:59]} Be7 {[%clk 1:07:26]} 12. b5
{[%clk 1:13:50]} axb5 {[%clk 0:48:41]} 13. axb5 {[%clk 1:14:13]} Na7
{[%clk 0:32:39]} 14. Nxe5 {[%clk 1:03:59]} Bf6 {[%clk 0:24:27]} 15. Ndf3
{[%clk 0:55:40]} Nd7 {[%clk 0:23:23]} 16. d4 {[%clk 0:51:22]} Bxe5
{[%clk 0:21:46]} 17. dxe5 {[%clk 0:51:04]} Nxb5 {[%clk 0:22:05]} 18. Bb2
{[%clk 0:37:07]} Nc5 {[%clk 0:17:23]} 19. Nd4 {[%clk 0:36:20]} Bd3
{[%clk 0:03:38]} 20. Re1 {[%clk 0:36:28]} c6 {[%clk 0:03:21]} 21. e6
{[%clk 0:33:48]} Rxa2 {[%clk 0:00:32]} 22. e7 {[%clk 0:30:01]} Rxa1
{[%clk 0:00:33]} 23. Qxa1 {[%clk 0:26:26]} Qc8 {[%clk 0:00:42]} 24. exf8=Q+
{[%clk 0:26:35]} Qxf8 {[%clk 0:00:35]} 25. Nxb5 {[%clk 0:25:38]} cxb5
{[%clk 0:00:36]} 26. Ba3 {[%clk 0:25:32]} b6 {[%clk 0:01:00]} 27. Rd1
{[%clk 0:17:23]} Be2 {[%clk 0:00:32]} 28. Rd2 {[%clk 0:17:19]} Bc4
{[%clk 0:00:31]} 29. Bxc5 {[%clk 0:17:29]} 1-0